Les marchés de capitaux (notice n° 1552912)
[ vue normale ]
| 000 -LEADER | |
|---|---|
| fixed length control field | 01290cam a2200277zu 4500 |
| 003 - CONTROL NUMBER IDENTIFIER | |
| control field | FRCYB88819639 |
| 005 - DATE AND TIME OF LATEST TRANSACTION | |
| control field | 20251020123050.0 |
| 008 - FIXED-LENGTH DATA ELEMENTS--GENERAL INFORMATION | |
| fixed length control field | 251020s2012 fr | o|||||0|0|||fre d |
| 020 ## - INTERNATIONAL STANDARD BOOK NUMBER | |
| International Standard Book Number | 9782200272722 |
| 035 ## - SYSTEM CONTROL NUMBER | |
| System control number | FRCYB88819639 |
| 040 ## - CATALOGING SOURCE | |
| Original cataloging agency | FR-PaCSA |
| Language of cataloging | fr |
| Transcribing agency | |
| Description conventions | rda |
| 100 1# - MAIN ENTRY--PERSONAL NAME | |
| Personal name | Marteau, Didier |
| 245 01 - TITLE STATEMENT | |
| Title | Les marchés de capitaux |
| Statement of responsibility, etc. | ['Marteau, Didier'] |
| 264 #1 - PRODUCTION, PUBLICATION, DISTRIBUTION, MANUFACTURE, AND COPYRIGHT NOTICE | |
| Name of producer, publisher, distributor, manufacturer | Armand Colin |
| Date of production, publication, distribution, manufacture, or copyright notice | 2012 |
| 300 ## - PHYSICAL DESCRIPTION | |
| Extent | p. |
| 336 ## - CONTENT TYPE | |
| Content type code | txt |
| Source | rdacontent |
| 337 ## - MEDIA TYPE | |
| Media type code | c |
| Source | rdamdedia |
| 338 ## - CARRIER TYPE | |
| Carrier type code | c |
| Source | rdacarrier |
| 520 ## - SUMMARY, ETC. | |
| Summary, etc. | Toutes les clés du fonctionnement des marchés de capitaux : les différents segments des marchés, leurs interrelations, les mécanismes de propagation des chocs, le rôle essentiel des règles et du comportement des acteurs dans la formation ou la rupture des équilibres. Privilégiant l'approche micro-économique, l'ouvrage analyse les recommandations des différents G20 consécutifs à la crise de 2007-2008, exprimé sous la forme policée d'un objectif « de réduction de l'aléa moral sur les marchés financiers » . |
| 650 #0 - SUBJECT ADDED ENTRY--TOPICAL TERM | |
| Topical term or geographic name entry element | |
| 700 0# - ADDED ENTRY--PERSONAL NAME | |
| Personal name | Marteau, Didier |
| 856 40 - ELECTRONIC LOCATION AND ACCESS | |
| Access method | Cyberlibris |
| Uniform Resource Identifier | <a href="https://international.scholarvox.com/netsen/book/88819639">https://international.scholarvox.com/netsen/book/88819639</a> |
| Electronic format type | text/html |
| Host name | |
Pas d'exemplaire disponible.




Réseaux sociaux